Sports Quiz

Random Sports or NFL Quiz

A Brief History of the NFL Quiz Stats

 Plays Quiz Updated Jan 13, 2016

Challenge
Share
Tweet
Embed
Score 0/37 Timer 07:00
4 Plays Today
NFL Status NFL Move % Correct
1934- The Spartans are purchased by George Richards and become this Michigan teamDetroit Lions
92.3%
1941- The Pittsburgh franchise, in honor of local industry, changes its name to thisSteelers
75.6%
1984- Boltin' Colts- the team moves west from Baltimore to this cityIndianapolis
70.3%
1995- Expansion brings this team to Florida, the third within the Sunshine StateJacksonville Jaguars
68.7%
1995- Rovin' Raiders: Part II- Al Davis heads back to this cityOakland
68.5%
1970- Peace comes to football as the NFL merges with this rival leagueAFL
68.3%
1988- Migration time- the Cards fly again, this time to this south-western cityPhoenix
67.1%
1982- Rovin' Raiders- the team moves south to this cityLos Angeles
66.5%
1996- Quoth the Ravens, nevermore- Art Modell sneaks out of Cleveland to this cityBaltimore
66.5%
1997- Astro-done; the Oilers move and become this franchiseTennessee
65.6%
1946- The Rams go west, relocating from Cleveland to this cityLos Angeles
63.4%
1960- Expansion! The NFL returns to Texas with this clubDallas Cowboys
63.4%
1961- Go north! Expansion gives Green Bay a neighbor with this teamMinnesota Vikings
62.4%
2016- What's old is new again. This team moves back to LA after 21 years.Rams
61.5%
2002- The league goes to 8 divisions, adding this club for a total of 32Houston Texans
60.8%
1971- The Pats move to Foxboro and change their name to thisNew England
59.7%
1976- The league adds this club, which loses its first 26 gamesTampa Bay Buccaneers
58.9%
1960- It's in the Cards; the club moves from Chicago to this citySt. Louis
58%
1953- That club disbands and is replaced by a new Baltimore team using this nicknameColts
58%
NFL Status NFL Move % Correct
1999- The Cardiac Kids return- this club is reborn keeping its name, colors and historyCleveland Browns
57.5%
1994- Regional birds- the Cards change their name to thisArizona
51.2%
1966- Go south! Expansion puts this team in the heart of DixieAtlanta Falcons
51.1%
1976- This team joins the NFC, moves to the AFC in '77 and back to the NFC in 2002Seattle Seahawks
49.9%
1967- The NFL goes to four divisions and adds this perennial loser (and recent Super Bowl champ)New Orleans Saints
49.4%
1995- Reverse direction! This team moves east and north in the NFC WestSt. Louis Rams
47.5%
1950- This AAFC franchise becomes the NFL's second west coast teamSan Francisco 49ers
45.4%
1995- The NFC West adds this definitively not so western clubCarolina Panthers
34.6%
1943- The war effort causes two PA clubs to merge, unofficially being called by this combined nameSteagles
32.7%
1944- Brooklyn is renamed, taking this name used by an AL baseball team and numerous collegesTigers
28.1%
1937- The West returns to 5 teams with the founding of this franchise in OhioCleveland Rams
27.2%
1950- Expansion! This team comes from the AAFC and wins the East six straight timesCleveland Browns
25.5%
1937- The franchise in Boston keeps its name but moves to this cityWashington
24.9%
1950- The 3rd team from the AAFC lasted only one year in this mid-Atlantic cityBaltimore
23.5%
1952- The 2nd NY franchise is sold and moves to this southern cityDallas
17%
1949- The Boston franchise moves south to this city and becomes the BulldogsNew York
12.8%
1944- A Boston franchise is formed with this most unlikely nicknameYanks
6.1%
1934- The Reds suspend play and are replaced for 3 games by this teamSt. Louis Gunners
2.9%

You're not logged in!

Compare scores with friends on all Sporcle quizzes.
OR
Log In

You Might Also Like...

Show Comments

Extras

Top Quizzes Today


Score Distribution

Your Account Isn't Verified!

In order to create a playlist on Sporcle, you need to verify the email address you used during registration. Go to your Sporcle Settings to finish the process.

Report this User

Report this user for behavior that violates our Community Guidelines.

Details: